Evaluación de métodos de completado y extensión de series temporales hidrológicas y meteorológicas en estaciones de las cuencas de los ríos Reventazón, Pirrís y Toro
Guardado en:
| Hovedforfatter: | |
|---|---|
| Andre forfattere: | |
| Format: | Bog |
| Sprog: | Spanish |
| Udgivet: |
[San José], Costa Rica
2019.
|
| Fag: |
GEOMORFOLOGIA
> HIDROMETEOROLOGIA - MODELOS MATEMÁTICOS - CUENCA DEL RIO PIRRIS (COSTA RICA)
> HIDROMETEOROLOGIA - MODELOS MATEMÁTICOS - CUENCA DEL RIO REVENTAZON (COSTA RICA)
> CLIMATOLOGIA
> HIDROMETEOROLOGIA - MODELOS MATEMÁTICOS - CUENCA DEL RIO TORO (COSTA RICA)
> PRECIPITACION ATMOSFERICA - MEDICIONES - METODOS DE SIMULACION
|
| Tags: |
Tilføj Tag
Ingen Tags, Vær først til at tagge denne postø!
|
MARC
| LEADER | 00000nam a2200000Ia 4500 | ||
|---|---|---|---|
| 003 | 013214 | ||
| 005 | 20230313143804.0 | ||
| 008 | 140116s2019 cr a 000 ||spa d | ||
| 040 | |c cru CEDI | ||
| 100 | |a Marín Guzmán, Annette, 1992- |9 221 | ||
| 245 | |a Evaluación de métodos de completado y extensión de series temporales hidrológicas y meteorológicas en estaciones de las cuencas de los ríos Reventazón, Pirrís y Toro | ||
| 260 | |a [San José], Costa Rica |c 2019. | ||
| 500 | |a Tesis (licenciatura en ingeniería civil)--Universidad de Costa Rica. Facultad de Ingeniería. Escuela de Ingeniería Civil | ||
| 501 | |a Director de Trabajo Final de Graduación: Ing. Alberto Serrano Pacheco, PhD. | ||
| 650 | |x GEOMORFOLOGIA |x HIDROMETEOROLOGIA - MODELOS MATEMÁTICOS - CUENCA DEL RIO PIRRIS (COSTA RICA) |x HIDROMETEOROLOGIA - MODELOS MATEMÁTICOS - CUENCA DEL RIO REVENTAZON (COSTA RICA) |x CLIMATOLOGIA |x HIDROMETEOROLOGIA - MODELOS MATEMÁTICOS - CUENCA DEL RIO TORO (COSTA RICA) |x PRECIPITACION ATMOSFERICA - MEDICIONES - METODOS DE SIMULACION | ||
| 700 | |9 58 |a Serrano Pacheco, Alberto, 1976- |d Director del TFG | ||
| 942 | |c CEDI |h TFG 8365 |6 TFG_8365_000000000000000 | ||
| 999 | |c 13358 |d 13358 | ||
